<?xml version="1.0" encoding="UTF-8"?><?xml-stylesheet type="text/xsl" href="static/style.xsl"?><OAI-PMH xmlns="http://www.openarchives.org/OAI/2.0/" xmlns:xsi="http://www.w3.org/2001/XMLSchema-instance" xsi:schemaLocation="http://www.openarchives.org/OAI/2.0/ http://www.openarchives.org/OAI/2.0/OAI-PMH.xsd"><responseDate>2026-05-01T14:16:10Z</responseDate><request verb="GetRecord" identifier="oai:riubu.ubu.es:10259/8116" metadataPrefix="marc">https://riubu.ubu.es/oai/request</request><GetRecord><record><header><identifier>oai:riubu.ubu.es:10259/8116</identifier><datestamp>2023-11-24T01:05:38Z</datestamp><setSpec>com_10259.4_2498</setSpec><setSpec>com_10259_5086</setSpec><setSpec>com_10259_2604</setSpec><setSpec>col_10259.4_2499</setSpec></header><metadata><record xmlns="http://www.loc.gov/MARC21/slim" xmlns:doc="http://www.lyncode.com/xoai" xmlns:xsi="http://www.w3.org/2001/XMLSchema-instance" xmlns:dcterms="http://purl.org/dc/terms/" xsi:schemaLocation="http://www.loc.gov/MARC21/slim http://www.loc.gov/standards/marcxml/schema/MARC21slim.xsd">
<leader>00925njm 22002777a 4500</leader>
<datafield tag="042" ind1=" " ind2=" ">
<subfield code="a">dc</subfield>
</datafield>
<datafield tag="720" ind1=" " ind2=" ">
<subfield code="a">Chicharro Merayo, María del Mar</subfield>
<subfield code="e">author</subfield>
</datafield>
<datafield tag="260" ind1=" " ind2=" ">
<subfield code="c">2012-07</subfield>
</datafield>
<datafield tag="520" ind1=" " ind2=" ">
<subfield code="a">El presente artículo se centra en el estudio de la televisión en su dimensión de medio&#xd;
constructor de imágenes, y transmisor de ideología. A partir de ahí, se concreta en el análisis de la&#xd;
representación que la televisión pública española (TVE) viene realizando de la figura de la Reina&#xd;
Sofía, desde una perspectiva diacrónica. El análisis de dos reportajes (Sofía, Reina de España y Sofía, el álbum de una reina) emitidos por TVE con la diferencia de diez años, nos permitirá identificar&#xd;
pervivencias así como cambios asociados a su representación. La técnica del análisis de contenido&#xd;
será la herramienta a través de la que identificar el ejercicio de adaptación que viene sufriendo la&#xd;
representación de esta figura.</subfield>
</datafield>
<datafield tag="520" ind1=" " ind2=" ">
<subfield code="a">This work focuses on the study of television as media that builds images and transmits&#xd;
ideology. Specifically, it aims to study the representation about Queen Sofía, as viewed in Spanish&#xd;
public television (TVE), from a diachronic point-of-view. The analysis of two television reports (Sofía,&#xd;
Queen of Spain, and Sofía, the Album of a Queen), broadcast on Spanish television at an interval of&#xd;
ten years, allows a comparison of similarities and differences. Content technique is used to identify&#xd;
how the representation of this character is being adapting.</subfield>
</datafield>
<datafield tag="024" ind2=" " ind1="8">
<subfield code="a">1139-1979</subfield>
</datafield>
<datafield tag="024" ind2=" " ind1="8">
<subfield code="a">http://hdl.handle.net/10259/8116</subfield>
</datafield>
<datafield tag="024" ind2=" " ind1="8">
<subfield code="a">10.12795/Ambitos.2012.i21.08</subfield>
</datafield>
<datafield tag="024" ind2=" " ind1="8">
<subfield code="a">1988-5733</subfield>
</datafield>
<datafield ind1=" " ind2=" " tag="653">
<subfield code="a">Televisión</subfield>
</datafield>
<datafield ind1=" " ind2=" " tag="653">
<subfield code="a">Mensajes</subfield>
</datafield>
<datafield ind1=" " ind2=" " tag="653">
<subfield code="a">Estereotipos</subfield>
</datafield>
<datafield ind1=" " ind2=" " tag="653">
<subfield code="a">Feminidad</subfield>
</datafield>
<datafield ind1=" " ind2=" " tag="653">
<subfield code="a">Television</subfield>
</datafield>
<datafield ind1=" " ind2=" " tag="653">
<subfield code="a">Messages</subfield>
</datafield>
<datafield ind1=" " ind2=" " tag="653">
<subfield code="a">Stereotypes</subfield>
</datafield>
<datafield ind1=" " ind2=" " tag="653">
<subfield code="a">Femininity</subfield>
</datafield>
<datafield tag="245" ind1="0" ind2="0">
<subfield code="a">Retratos televisivos de la Reina Sofía: un estudio diacrónico</subfield>
</datafield>
</record></metadata></record></GetRecord></OAI-PMH>